000 00489nam a22001937a 4500
003 CEME
005 20210628202739.0
008 210104b xxu||||| |||| 00| 0 eng d
020 _a8123904010
040 _cceme
082 _a670.42 CHA
100 _aChapman, W.A.J
_910212
245 _aWorkshop technology-part 1 ,in si units
250 _a5TH
260 _aINDIA
_bCBS PUBLISHER
_c2001
300 _a412P
650 _aTEXTBOOK-DEE.WORKSHOP TECHNOLOGY
_961399
942 _cBK
_2ddc
999 _c570865
_d570865